| 000 | 00000cas 2200000za 4500 |
| 001 | 9.500644 |
| 003 | CaOODSP |
| 005 | 20260511132833 |
| 007 | cr ||||||||||| |
| 008 | 150406c19969999oncdn p s f0 a0fre|d |
| 022 | |a1486-911X |
| 040 | |aCaOODSP|bfre |
| 041 | |afre|aeng |
| 043 | |an-cn--- |
| 086 | 1 |aX2-PDF |
| 110 | 1 |aCanada. |bParlement. |bChambre des communes. |
| 245 | 10|aJournals |h[ressource électronique] = |bJournaux. |
| 246 | 11|aJournaux |
| 260 | |a[Ottawa] : |bChambre des communes, |c[1996]- |
| 310 | |aQuotidien pendant la session |
| 362 | 0 |a35e législature, 2e session, no 1 (27 févr. 1996)- |
| 546 | |aTextes en anglais et en français sur des colonnes parallèles. |
| 692 | 07|2gccst|aVie politique |
| 776 | 0#|tJournals |w(CaOODSP)9.512280 |
| 788 | |tJournals |eeng|w(CaOODSP)9.500643 |